[Event "Regionalliga SO 0405"]
[Site "Bayern"]
[Date "2004.10.24"]
[Round "1.7"]
[White "Greiml, Emmeran"]
[Black "Kunz, Heinz"]
[Result "1-0"]
[WhiteElo "1929"]
[BlackElo "1890"]
[PlyCount "49"]
[EventDate "2004.10.24"]
[EventType "team-tourn"]
[EventRounds "9"]
[EventCountry "GER"]
[SourceTitle "EXT 2007"]
[Source "ChessBase"]
[SourceDate "2006.11.23"]
[SourceVersion "1"]
[SourceVersionDate "2006.11.23"]
[SourceQuality "1"]
[WhiteTeam "Vogtareuth"]
[BlackTeam "Landshut"]
[WhiteTeamCountry "GER"]
[BlackTeamCountry "GER"]

1. h4 c5 2. Nf3 Nc6 3. d4 cxd4 4. Nxd4 d5 5. h5 e5 6. Nxc6 bxc6 7. h6 Nxh6 8. Bxh6 gxh6 9. Nd2 Bg7 10. e4 0-0 11. Qf3 Be6 12. Rh5 Rb8 13. Bd3 Kh8 14. Qg3 Qf6 15. f3 Qg6 16. Qh2 f5 17. exf5 Bxf5 18. Rxf5 e4 19. Rxf8+ Rxf8 20. fxe4 Qf6 21. c3 Qf2+ 22. Kd1 dxe4 23. Nxe4 Qe3 24. Kc2 Re8 25. Qh4 1-0